00986nam a2200253Ia 4500003000900000008004100009020001800050040001600068080002300084100001300107111011000120245023600230260003800466300001400504490006500518650002900583650001600612650002800628650001400656650001200670700001700682700001800699700001500717IN-BaIIA211028s9999 xx 000 0 eng d a981-02-4456-8 cIIA Library a524.86(082.1)bCOS aCotti, U aInternational Workshop on Particle Physics and the Early Universen3cTrieste, Italyd1999 Sep. 27-Oct. 2 0aCosmo - 99bproceedings of the third international workshop on particle physics and the early universe, held in Trieste, Italy, 27 September - 2 October 1999cU. Cotti…[ et al.]  aSingaporebWorld Scientificc2000 axv, 483p. aThe Abdus Salam International Centre for Theoretical Physics aBig bang nucleosynthesis aDark matter aHigh energy cosmic rays aNeutrinos aQ-balls aJeannerot, R aSenjanovic, G aSmirnov, A